| 000 | 00524nam a2200169Ia 4500 | ||
|---|---|---|---|
| 003 | OSt | ||
| 005 | 20200703151730.0 | ||
| 008 | 190216s9999||||xx |||||||||||||| ||und|| | ||
| 020 | _a0713175289 | ||
| 040 | _coclc | ||
| 082 |
_a940.28 _bCOW/Y |
||
| 100 |
_aCowie, Leonard W _93532 |
||
| 245 | 0 |
_aYears Of Nationalism European History 1815-1890 / _cLeonard W Cowie ; Robert Wolfson |
|
| 260 |
_bEdward Arnold Ltd, _c1985. _aLondon: |
||
| 300 | _a403p | ||
| 942 |
_cBK _2ddc _h940.28 _iCOW/Y _k940.28 _mCOW/Y |
||
| 999 |
_c19814 _d19814 |
||